[Event "34th ch-BAN"]
[Site "Dhaka BAN"]
[Date "2008.04.20"]
[Round "1"]
[White "Minhazuddin,A"]
[Black "Reefat,S"]
[Result "1/2-1/2"]
[WhiteElo "2325"]
[BlackElo "2487"]

1.e4 e6 2.d4 d5 3.Nd2 a6 4.Bd3 c5 5.c3 Nc6 6.Ne2 cxd4 7.cxd4 Nb4 8.Bb1 dxe4
9.Nxe4 Bd7 10.N2c3 Bc6 11.O-O Be7 12.f4 Nh6 13.Ng3 g6 14.a3 Nd5 15.Nce4 Nf5
16.Re1 O-O 17.Nxf5 exf5 18.Nc3 Bh4 19.Re2 Re8 20.Ba2 Rxe2 21.Qxe2 Qd7 22.Bd2 Re8
23.Qd3 h5 24.g3 Bf6 25.Re1 Rd8 26.h4 Kg7 27.Rd1 Nxc3 28.Bxc3 Be4 29.Qe3 Qa4
30.Rd2 Bd5 31.Bxd5 Rxd5 32.Rd3 a5 33.Kh2 Qc2+ 34.Qd2 Qa4 35.Qd1 Qc6 36.b3 Qd6
37.Bb2 b5 38.Qd2 b4 39.a4 Kh7 40.Kh3 Qd8 41.Re3 Rd6 42.Rd3 Qe8 43.Qe3 Re6
44.Qf3 Re2 45.Bc1 Qe4 46.d5 Qxf3 47.Rxf3 Re1 48.Bd2 Rd1 49.Rd3 Bd8 50.d6 f6
51.d7 Kg7 52.Rd6 Rb1 53.Rd3 Kf7 54.Be3 Rb2 55.Bc5 Rc2 56.Bd4 Ke6 57.Rd1 Rc6
58.Ba1 Rc2 59.Bd4 Rc6 60.Ba1 Rd6 61.Rxd6+ Kxd6 62.Kg2 Kxd7 63.Kf3 Ke6 64.Ke3 g5
65.Bd4 gxh4 66.gxh4 Kd5 67.Ba7  1/2-1/2

[Event "IX EICC"]
[Site "Plovdiv BUL"]
[Date "2008.04.21"]
[Round "1"]
[White "Ris,R"]
[Black "Bartel,Mat"]
[Result "1/2-1/2"]
[WhiteElo "2395"]
[BlackElo "2588"]

1.e4 e6 2.d4 d5 3.Nd2 Be7 4.Ngf3 Nf6 5.Bd3 c5 6.dxc5 dxe4 7.Nxe4 Nxe4 8.Bxe4 Qxd1+
9.Kxd1 Bxc5 10.Ke2 Nd7 11.Be3 Bxe3 12.Kxe3 Nc5 13.Nd4 Nxe4 14.Kxe4 b6 15.Ke3 Bb7
16.c4 Ke7 17.f4 Rhg8 18.Nf3 Bxf3 19.Kxf3 g5 20.g3 Rac8 21.b3 Rc5 22.Rae1 gxf4
23.gxf4 Rh5 24.h4 Kf6 25.Rh2 Rf5 26.Rhe2 Rh5 27.Rh2 Rd8 28.Ke3 Rf5 29.Rg1 e5
30.Rg4 Rd1 31.Rf2 Ke6 32.fxe5 Re1+ 33.Kd2 Rxf2+ 34.Kxe1 Rxa2 35.Rf4 Rb2 36.Rf3 Ke7
37.Kd1 Rg2 38.Rf5 Rb2 39.Rf3 h5 40.Rf5 Rxb3 41.Kd2 Ke6 42.Rxh5 Rf3 43.Kc2 Rf5
44.Rh8 Kxe5 45.Kb3 Rf1 46.Re8+ Kf4 47.Re7 Kg4 48.Rxa7 f5 49.Rg7+ Kxh4 50.Kc3 f4
51.Kd2 Rb1 52.Ke2 Rb3 53.Kf2 Rb4 54.Kf3 Rxc4 55.Rg4+ Kh5  1/2-1/2

[Event "IX EICC"]
[Site "Plovdiv BUL"]
[Date "2008.04.21"]
[Round "1"]
[White "Janev,E"]
[Black "Volkov,Sergey1"]
[Result "0-1"]
[WhiteElo "2472"]
[BlackElo "2633"]

1.e4 e6 2.d4 d5 3.Nd2 a6 4.Bd3 c5 5.dxc5 Bxc5 6.Ngf3 Ne7 7.O-O Nbc6 8.a3 Ng6
9.exd5 exd5 10.Nb3 Be7 11.Nbd4 O-O 12.Be3 Bf6 13.c3 Re8 14.Qc2 Qc7 15.Rfe1 Bg4
16.h3 Bxf3 17.Nxf3 Rad8 18.Rad1 Nf8 19.Re2 g6 20.Red2 Rd7 21.Bf1 Ne7 22.Qa4 Ne6
23.Bb6 Qc8 24.c4 Rd6 25.c5 Qc6 26.Qa5 Rd7 27.b4 Qc8 28.b5 axb5 29.Bxb5 Nc6
30.Qa4 d4 31.Qb3 Nf4 32.Bf1 Rde7 33.Qc4 Qf5 34.Nh2 Re1 35.Bc7 Ne2+ 36.Rxe2 R8xe2
37.Ng4 Bg7 38.Qa4 h5 39.Kh2 hxg4 40.Bxe2 Be5+  0-1

[Event "IX EICC w"]
[Site "Plovdiv BUL"]
[Date "2008.04.21"]
[Round "1"]
[White "Nikolaidou,E"]
[Black "Rudolf,An"]
[Result "0-1"]
[WhiteElo "1817"]
[BlackElo "2302"]

1.e4 e6 2.d4 d5 3.Nd2 Be7 4.e5 c5 5.c3 Nc6 6.Ngf3 f6 7.Bd3 cxd4 8.cxd4 Nh6
9.O-O O-O 10.Re1 fxe5 11.dxe5 Nf5 12.a3 Bd7 13.Nf1 Be8 14.Ng3 Bg6 15.Ne2 Nh4
16.Bxg6 Nxg6 17.Ned4 Qd7 18.g3 Bc5 19.Nxc6 bxc6 20.Be3 Bxe3 21.Rxe3 c5 22.Rc1 Rab8
23.Rc2 Rf5 24.Rec3 Qf7 25.g4 Rf4 26.Kg2 Rxg4+ 27.Kf1 Rf4 28.Ng5 Qf5 29.Rg3 Rf8
30.Qe2 Rxf2+ 31.Qxf2 Qxc2  0-1

[Event "II Open"]
[Site "La Laguna ESP"]
[Date "2008.04.22"]
[Round "2"]
[White "Zozulia,A"]
[Black "Rodriguez Lorenzo,Y"]
[Result "0-1"]
[WhiteElo "2332"]
[BlackElo "1950"]

1.e4 e6 2.d4 d5 3.Nd2 Be7 4.Bd3 dxe4 5.Nxe4 Nf6 6.Nxf6+ Bxf6 7.Nf3 c5 8.dxc5 Qc7
9.O-O Nd7 10.c6 bxc6 11.Qe2 Nc5 12.Bc4 Rb8 13.c3 O-O 14.Be3 Na4 15.Bb3 Nb6
16.Rad1 c5 17.Ng5 Bb7 18.Qg4 Bd5 19.c4 Bxg5 20.Bxg5 f5 21.Qe2 Ba8 22.Qxe6+ Kh8
23.Rfe1 h6 24.Be7 Rbe8 25.Qd6 Qb7 26.f3 Nc8 27.Qd7 Nxe7 28.Ba4 Qxb2 29.Rxe7 Rxe7
30.Qxe7 Rg8 31.Qxc5 Qxa2 32.Bd7 Qc2 33.Qd6 a5 34.c5 Rd8 35.Re1 Qc3 36.Qe7 Qd4+
37.Kf1 Qd3+ 38.Kf2 Rxd7 39.Qe8+ Kh7 40.Qxa8 Qd4+ 41.Kf1 Qxc5 42.Qe8 Qb5+
43.Qe2 Qxe2+ 44.Rxe2 Ra7 45.Ra2 a4 46.Ra3 Kg6 47.Ke2 f4 48.Kd3 Kf5 49.Kd4 g5
50.g4+ fxg3 51.hxg3 h5 52.Ke3 h4 53.Kf2 Ra6 54.Kg2 hxg3 55.Kxg3 Ra5 56.Kh3 Ke5
57.Kg4 Kd4 58.Ra1 a3  0-1

[Event "IX EICC"]
[Site "Plovdiv BUL"]
[Date "2008.04.22"]
[Round "2"]
[White "Kryvoruchko,Y"]
[Black "Drasko,M"]
[Result "1-0"]
[WhiteElo "2612"]
[BlackElo "2536"]

1.e4 e6 2.d4 d5 3.Nd2 Nc6 4.Ngf3 Nf6 5.e5 Nd7 6.Be2 Be7 7.O-O O-O 8.Re1 f6
9.exf6 Bxf6 10.Nf1 e5 11.dxe5 Ndxe5 12.c3 Be6 13.Nxe5 Nxe5 14.f4 Nc6 15.Bf3 Bf7
16.Ne3 d4 17.Ng4 Bd5 18.Nxf6+ Rxf6 19.Bg4 Bf7 20.f5 h5 21.Bxh5 Bxh5 22.Qxh5 Qd5
23.Re8+ Rxe8 24.Qxe8+ Rf8 25.Qe6+ Qxe6 26.fxe6 dxc3 27.bxc3 Rf6 28.h3 Rxe6
29.Bf4 Re4 30.Bxc7 Rc4 31.Rc1 Nd4 32.Re1 Rxc3 33.Be5 Rc1 34.Rxc1 Ne2+ 35.Kf1 Nxc1
36.a3 g6 37.Bd4 a6 38.Ke1 b5 39.Kd1 Nd3 40.g3  1-0

[Event "XIV Leonardo di Bona Magistrale"]
[Site "Cutro ITA"]
[Date "2008.04.23"]
[Round "1"]
[White "Kasparov,S"]
[Black "Abatino,M"]
[Result "1-0"]
[WhiteElo "2481"]
[BlackElo "2168"]

1.e4 e6 2.d4 d5 3.Nd2 Be7 4.Ngf3 Nf6 5.Bd3 c5 6.dxc5 Nc6 7.O-O O-O 8.a3 a5
9.b3 Bxc5 10.Bb2 Re8 11.e5 Nd7 12.c4 Nf8 13.Qc2 Qe7 14.Rfc1 b6 15.cxd5 exd5
16.Bb5 Bb7 17.Bxc6 Bxc6 18.b4 Ba4 19.Qxa4 axb4 20.Qb3 bxa3 21.Bd4 Bxd4 22.Nxd4 Qxe5
23.N2f3 Qf4 24.g3 Qg4 25.Rxa3 Rxa3 26.Qxa3 Ne6 27.Re1 h6 28.Qd6 b5 29.Kg2 Rd8
30.Qe5 Nf8 31.Nxb5  1-0

[Event "IX EICC"]
[Site "Plovdiv BUL"]
[Date "2008.04.23"]
[Round "3"]
[White "Janev,E"]
[Black "Nepomniachtchi,I"]
[Result "1/2-1/2"]
[WhiteElo "2472"]
[BlackElo "2634"]

1.e4 e6 2.d4 d5 3.Nd2 Be7 4.Bd3 c5 5.dxc5 Nf6 6.exd5 Qxd5 7.Ngf3 Qxc5 8.O-O Nbd7
9.Qe2 Qc7 10.Rd1 O-O 11.Ne4 b6 12.Bg5 Bb7 13.Rd2 h6 14.Bh4 Nxe4 15.Bxe4 Bxh4
16.Nxh4 Bxe4 17.Qxe4 Nf6 18.Qe2 Rad8 19.Rad1 Rxd2 20.Rxd2 Rc8 21.Nf3 Qc5
22.c3 Qf5 23.a3 Ne4 24.Rd1 Nc5 25.h3 Qf4 26.Ne5 Ne4 27.Nf3 Nc5 28.Rd4 Qf5
29.c4 Na4 30.b4 Qb1+ 31.Kh2 a5 32.Qd2 axb4 33.axb4 Qb2 34.Qd1 Ra8 35.Rd8+ Rxd8
36.Qxd8+ Kh7 37.Qd3+ Kg8 38.Qd8+ Kh7 39.Qd3+  1/2-1/2

[Event "XIV Leonardo di Bona Magistrale"]
[Site "Cutro ITA"]
[Date "2008.04.25"]
[Round "3"]
[White "Kasparov,S"]
[Black "Naumkin,I"]
[Result "1-0"]
[WhiteElo "2481"]
[BlackElo "2494"]

1.e4 e6 2.d4 d5 3.Nd2 a6 4.Ngf3 c5 5.exd5 exd5 6.Be2 Nf6 7.O-O Be7 8.dxc5 Bxc5
9.Nb3 Bb6 10.Bg5 O-O 11.c4 dxc4 12.Bxc4 Qxd1 13.Raxd1 Nc6 14.h3 Ne4 15.Bf4 h6
16.Nbd4 Nxd4 17.Nxd4 Rd8 18.Be3 Bc7 19.Bb3 Nf6 20.Rc1 Be5 21.Rfd1 Bd7 22.Rc5 Bd6
23.Rc2 Rac8 24.Rxc8 Bxc8 25.Nf3 Be6 26.Bxe6 fxe6 27.Bf4 Bc7 28.Rxd8+ Bxd8
29.Kf1 Nd5 30.Be5 Kf7 31.Ke2 Nb4 32.a3 Nc6 33.Bc3 Bb6 34.Nd2 e5 35.Nc4 Bc7
36.Kd3 Ke6 37.Ke4 g6 38.a4 b5 39.axb5 axb5 40.Ne3 Bb6 41.Nd5 Bxf2 42.Nc7+ Kd6
43.Nxb5+ Kc5 44.Nc7 Kd6 45.Nd5 Bd4 46.Bxd4 Nxd4 47.Nf4 g5 48.Nd3 Nc6 49.g4 Ke6
50.b4 Ne7 51.Nxe5 Nd5 52.Nd3 Nf6+ 53.Kd4 h5 54.Nc5+ Kf7 55.Ne4 hxg4 56.Nxf6 gxh3
57.Ng4 Ke6 58.b5 Kf5 59.Nf2 g4 60.b6 h2 61.b7 g3 62.b8=Q gxf2 63.Qb1+  1-0

[Event "IX EICC w"]
[Site "Plovdiv BUL"]
[Date "2008.04.26"]
[Round "6"]
[White "Schneider,Ve"]
[Black "Sedina,E"]
[Result "1/2-1/2"]
[WhiteElo "2261"]
[BlackElo "2356"]

1.e4 e6 2.d4 d5 3.Nd2 a6 4.Ngf3 c5 5.exd5 exd5 6.Be2 cxd4 7.Nxd4 Nc6 8.N2f3 Bd6
9.O-O Nge7 10.Re1 O-O 11.Bd3 h6 12.h3 Qc7 13.c3 Bd7 14.Bc2 Rfe8 15.Qd3 Ng6
16.Bd2 Rad8 17.Rad1 Nce5 18.Nxe5 Bxe5 19.Nf3 Bf6 20.Rxe8+ Bxe8 21.Re1 Qc4
22.Bb1 Bb5 23.Qf5 Bd7 24.Qh5 Nf4 25.Bxf4 Qxf4 26.Qxd5 Bc6 27.Qf5 Qxf5 28.Bxf5 Bxf3
29.gxf3 g6 30.Be4 Rd2 31.Bxb7 Rxb2 32.Bd5 Bxc3 33.Re7 Bd4  1/2-1/2

[Event "XIV Leonardo di Bona Magistrale"]
[Site "Cutro ITA"]
[Date "2008.04.27"]
[Round "5"]
[White "Kasparova,T"]
[Black "Abatino,M"]
[Result "1/2-1/2"]
[WhiteElo "2147"]
[BlackElo "2168"]

1.e4 e6 2.d4 d5 3.Nd2 Nc6 4.Ngf3 g6 5.c3 Bg7 6.Bd3 Nh6 7.O-O O-O 8.Re1 f6
9.Nf1 Nf7 10.exd5 exd5 11.Bf4 Nd6 12.Ne3 Be6 13.Qb3 Ne7 14.Re2 Bf7 15.Rae1 Qd7
16.h3 Rfe8 17.Bxd6 Qxd6 18.Qxb7 Reb8 19.Qa6 Rb6 20.Qa4 Rab8 21.b4 a6 22.Nd2 Nc6
23.Nb3 Nd8 24.Nc5 Nc6 25.a3 Ra8 26.Nf1 Bf8 27.Ne6 Bh6 28.Nc5 a5 29.b5 Ne5
30.Ne4 dxe4 31.Bxe4 Rab8 32.dxe5 fxe5 33.Bc6 Bg7 34.Ne3 Qc5 35.c4 Rd8 36.Qxa5 Rxc6  1/2-1/2

[Event "34th ch-BAN"]
[Site "Dhaka BAN"]
[Date "2008.04.27"]
[Round "7"]
[White "Mohammad,J"]
[Black "Reefat,S"]
[Result "1/2-1/2"]
[WhiteElo "2302"]
[BlackElo "2487"]

1.e4 e6 2.d4 d5 3.Nd2 a6 4.e5 c5 5.c3 Nc6 6.Ngf3 cxd4 7.cxd4 Qb6 8.Bd3 Nxd4
9.O-O Nc6 10.Nb3 Nge7 11.Be3 Qc7 12.Rc1 Ng6 13.Bd4 Be7 14.g3 Bd7 15.h4 f6
16.exf6 gxf6 17.Bc5 Rg8 18.Kh1 Rd8 19.h5 Nf8 20.Qc2 e5 21.Bxh7 Rg7 22.Bf5 e4
23.h6 Rg8 24.Nh4 Bxf5 25.Nxf5 Qd7 26.Ng7+ Kf7 27.Kg2 Ne6 28.Nxe6 Qxe6 29.Nd4 Nxd4
30.Bxd4 Qf5 31.Qb3 Rd7 32.Rh1 Bd6 33.Rh4 Ke6 34.Re1 Rg4 35.Rh3 Qg6 36.Qc3 Qh7
37.Bxf6 Rc7 38.Qd4 Qf5 39.Bg7 Qf3+ 40.Kg1 Bxg3 41.Rxg3 Rxg3+ 42.fxg3 Qxg3+
43.Kf1 Qh3+ 44.Kg1 Qg3+ 45.Kf1 Qh3+ 46.Kg1  1/2-1/2

[Event "IX EICC w"]
[Site "Plovdiv BUL"]
[Date "2008.04.27"]
[Round "7"]
[White "Levushkina,E"]
[Black "Makka,I"]
[Result "1-0"]
[WhiteElo "2291"]
[BlackElo "2204"]

1.e4 e6 2.d4 d5 3.Nd2 Nc6 4.Ngf3 Nf6 5.e5 Nd7 6.c3 a5 7.Bd3 b6 8.Qe2 Be7
9.Nf1 Ncb8 10.h4 Ba6 11.Bxa6 Nxa6 12.Ng3 h6 13.Nh5 Kf8 14.Nh2 g6 15.Nf4 Bxh4
16.Qg4 h5 17.Nxg6+ fxg6 18.Qxg6 Qe8 19.Bh6+ Ke7 20.Bg5+ Bxg5 21.Qxg5+ Kf8
22.Ng4 Qe7 23.Nf6 Nxf6 24.exf6 Qh7 25.Rxh5 Rg8 26.Rxh7 Rxg5 27.O-O-O Ra7
28.Rdh1 Rg6 29.Rd7 Ra8 30.Rh8+ Rg8 31.Rhh7 Rxg2 32.f7  1-0

[Event "IX EICC w"]
[Site "Plovdiv BUL"]
[Date "2008.04.27"]
[Round "7"]
[White "Seps,M"]
[Black "Rudolf,An"]
[Result "0-1"]
[WhiteElo "2237"]
[BlackElo "2302"]

1.e4 e6 2.d4 d5 3.Nd2 Be7 4.Ngf3 Nf6 5.Bd3 c5 6.e5 Nfd7 7.O-O Nc6 8.Re1 Qb6
9.c4 Nb4 10.Bf1 O-O 11.Nb3 cxd4 12.Nbxd4 Nc5 13.a3 Nc6 14.b4 Ne4 15.c5 Qd8
16.Bb2 f5 17.exf6 Bxf6 18.Bd3 Nxd4 19.Nxd4 Nxf2 20.Qc2 Nxd3 21.Qxd3 Bd7 22.Qb3 Qe8
23.Rad1 Ba4 24.Qh3 Bxd1 25.Rxd1 Qf7  0-1

[Event "34th ch-BAN"]
[Site "Dhaka BAN"]
[Date "2008.04.29"]
[Round "9"]
[White "Rahman,SM"]
[Black "Reefat,S"]
[Result "0-1"]
[WhiteElo "2309"]
[BlackElo "2487"]

1.e4 e6 2.d4 d5 3.Nd2 a6 4.c3 c5 5.e5 Nc6 6.Ngf3 cxd4 7.cxd4 Nge7 8.Bd3 Nf5
9.Nb3 Be7 10.O-O h5 11.Bd2 g5 12.Rc1 g4 13.Bxf5 exf5 14.Ne1 a5 15.Be3 a4
16.Nc5 a3 17.b3 Qa5 18.Ned3 b6 19.Na4 Bd7 20.Nf4 h4 21.e6 fxe6 22.Nxe6 Kf7
23.Nf4 Nb4 24.Rc7 Ra7 25.Rxa7 Qxa7 26.Qb1 Rc8 27.Bd2 Bd6 28.Re1 Nc2 29.Rc1 Nxd4
30.Rxc8 Bxc8 31.Nxd5 h3 32.Qd3 Bc5 33.Be3 Qa6 34.Qxa6 Bxa6 35.Nxc5 Ne2+ 36.Kh1 bxc5
37.Nf4 Nd4 38.gxh3 Nxb3 39.hxg4 fxg4 40.h3 Nd4 41.Kh2 Bc4 42.Bc1 Nc2 43.hxg4 Bxa2
44.Nd3 c4 45.Ne5+ Ke6 46.f4 Bb3 47.g5 c3 48.Nd3 Kf5 49.Nc5 Bc4  0-1

[Event "IX EICC"]
[Site "Plovdiv BUL"]
[Date "2008.04.29"]
[Round "8"]
[White "Kaplan,S"]
[Black "Bartel,Mat"]
[Result "0-1"]
[WhiteElo "2428"]
[BlackElo "2588"]

1.e4 e6 2.d4 d5 3.Nd2 Be7 4.Bd3 Nc6 5.Ngf3 Nb4 6.Be2 c5 7.c3 Nc6 8.exd5 exd5
9.dxc5 Bxc5 10.Nb3 Bb6 11.O-O Nf6 12.Bg5 Be6 13.Nfd4 O-O 14.Re1 h6 15.Be3 Qd7
16.Bd3 Bc7 17.Qd2 Ne4 18.Qc2 Rfe8 19.Rad1 Qc8 20.Nxe6 Qxe6 21.g3 Qh3 22.Bf1 Qf5
23.Bd3 Ne5 24.Nd4 Qh5 25.Be2 Qg6 26.Kg2 Qf6 27.f3 Nd6 28.Bf2 Bb6 29.Qb1 Re7
30.f4 Ne4 31.Bg1 Nc6 32.Bf3 Rae8 33.Nb3 Bxg1 34.Kxg1 g5 35.Bxe4 dxe4 36.fxg5 hxg5
37.Re3 Ne5 38.Nd4 Nf3+ 39.Kg2 Qh6 40.Rh1 Nxd4 41.cxd4 f5 42.h4 f4 43.hxg5 Qxg5
44.Rc3 f3+ 45.Kf1 e3  0-1

[Event "IX EICC w"]
[Site "Plovdiv BUL"]
[Date "2008.04.29"]
[Round "8"]
[White "Nikolova,A"]
[Black "Sedina,E"]
[Result "0-1"]
[WhiteElo "2219"]
[BlackElo "2356"]

1.e4 e6 2.d4 d5 3.Nd2 Nc6 4.c3 e5 5.exd5 Qxd5 6.dxe5 Nxe5 7.Qe2 Be6 8.Ngf3 Nxf3+
9.Qxf3 O-O-O 10.Be2 Nf6 11.O-O Qd7 12.Nc4 Bd5 13.Qe3 Kb8 14.Qd4 Ne4 15.b4 Bxc4
16.Qxe4 Bxe2 17.Qxe2 Qd3 18.Qe5 f6 19.Qe3 Qxe3 20.Bxe3 Bd6 21.Bd4 Rhe8 22.Rfe1 b6
23.a3 Kb7 24.g3 c5 25.bxc5 Bxc5 26.Bxc5 bxc5 27.Rxe8 Rxe8 28.Kf1 Kc6 29.c4 Re4
30.Rc1 h5 31.Rc3 a5 32.f3 Rd4 33.Ke2 a4 34.Rc2 g5 35.Rc3 f5 36.h3 Kd6 37.Ke1 h4
38.g4 Ke5 39.Ke2 fxg4 40.fxg4 Re4+ 41.Kf3 Kd4 42.Rc1 Re3+ 43.Kg2 Rg3+ 44.Kh2 Rxa3
45.Rf1 Kxc4 46.Rf5 Ra2+ 47.Kg1 a3 48.Rf8 Rb2 49.Ra8 a2 50.Ra4+ Kc3  0-1

[Event "IX EICC"]
[Site "Plovdiv BUL"]
[Date "2008.04.30"]
[Round "9"]
[White "Hracek,Z"]
[Black "Popov,Val"]
[Result "1-0"]
[WhiteElo "2613"]
[BlackElo "2525"]

1.e4 e6 2.d4 d5 3.Nd2 Be7 4.Ngf3 Nf6 5.e5 Nfd7 6.Bd3 c5 7.c3 b6 8.Nf1 Ba6
9.Ng3 Bxd3 10.Qxd3 Nc6 11.O-O c4 12.Qe3 b5 13.Qf4 h5 14.Ne2 Nb6 15.Qg3 g6
16.Bg5 a5 17.Qf4 Bxg5 18.Nxg5 Qe7 19.h3 b4 20.g4 b3 21.Ng3 hxg4 22.hxg4 bxa2
23.Rxa2 O-O-O 24.Kg2 Rd7 25.Raa1 Rb7 26.Rh1 Rxh1 27.Kxh1 a4 28.Kg2 Nd8 29.Ne2 Kb8
30.Ng1 Nc8 31.Qd2 Qe8 32.Ne2 Qb5 33.Ra2 Na7 34.Nc1 Nac6 35.Qc2 Ra7 36.Kg3 Kc8
37.Kf3 Qb6 38.Kg3 Qb8 39.f4 Rb7 40.Qxa4 Rxb2 41.Nxf7 Rxa2 42.Nxa2 Qb3 43.Qa6+ Kd7
44.Nd6 Kc7 45.Kh4 Qb8 46.Kg5 Kd7 47.Kxg6 Ke7 48.Qc8 Qb6  1-0

[Event "XIV Leonardo di Bona Magistrale"]
[Site "Cutro ITA"]
[Date "2008.05.01"]
[Round "9"]
[White "Kasparov,S"]
[Black "Kasparova,T"]
[Result "1-0"]
[WhiteElo "2481"]
[BlackElo "2147"]

1.e4 e6 2.d4 d5 3.Nd2 Be7 4.Ngf3 Nf6 5.Bd3 c5 6.dxc5 dxe4 7.Nxe4 Nxe4 8.Bxe4 Qxd1+
9.Kxd1 Bxc5 10.Ke2 Ke7 11.Ne5 f6 12.Nd3 Bd6 13.f4 Nc6 14.Be3 Na5 15.b3 Bd7
16.Nc5 Bc6 17.Bxc6 bxc6 18.Rad1 Rhb8 19.Rxd6 Kxd6 20.Rd1+ Ke7 21.Rd7+ Kf8
22.Nxe6+ Kg8 23.Rxg7+ Kh8 24.Rf7 Re8 25.f5 Rg8 26.Kf3 Rgc8 27.Bd4 Kg8 28.Rg7+ Kh8
29.Bxf6  1-0

[Event "II Magistral de Colonia"]
[Site "Colonia del Sacramento URU"]
[Date "2008.05.05"]
[Round "2"]
[White "Larrea,M"]
[Black "Roselli Mailhe,B"]
[Result "1/2-1/2"]
[WhiteElo "2342"]
[BlackElo "2420"]

1.e4 e6 2.d4 d5 3.Nd2 Nc6 4.Ngf3 Nf6 5.e5 Nd7 6.Be2 f6 7.exf6 Qxf6 8.Nf1 Bd6
9.Ne3 O-O 10.O-O Qg6 11.g3 Nb6 12.c3 Be7 13.Ng2 Qe8 14.Bf4 Bd6 15.Re1 Bd7  1/2-1/2

[Event "Panamericano w"]
[Site "San Salvador ESA"]
[Date "2008.05.09"]
[Round "6"]
[White "Moncayo Romero,E"]
[Black "Arribas Robaina,M"]
[Result "1-0"]
[WhiteElo "2182"]
[BlackElo "2348"]

1.e4 e6 2.d4 d5 3.Nd2 Nc6 4.Ngf3 Nf6 5.e5 Nd7 6.Nb3 a5 7.a4 b6 8.Bb5 Nb4
9.c3 c6 10.Be2 Na6 11.O-O Nc7 12.Qc2 Ba6 13.c4 Be7 14.Be3 Rc8 15.c5 Bxe2
16.Qxe2 Ra8 17.Bd2 Qb8 18.Rfc1 bxc5 19.Nxa5 Qb6 20.dxc5 Bxc5 21.b4 Bxb4 22.Bxb4 Qxb4
23.Nxc6 Qe4 24.Qa2 d4 25.Qa3 Nd5 26.Rc4 N7b6 27.Rxd4 Qc2 28.Rc1 Rxa4 29.Rxa4 Qxa4
30.Qd6 Qa8 31.Nfd4 Qc8 32.Nb5 f6 33.Nba7 Qc7 34.Qxe6+ Kf8 35.Nb5 Qd7 36.Qxd7 Nxd7
37.Rd1 N7b6 38.Nc3 Nxc3 39.Rd8+ Kf7 40.Rxh8 fxe5 41.Nxe5+ Ke6 42.Nd3 h6 43.f4 Ncd5
44.Kf2 Nd7 45.Rc8 N7f6 46.Kf3 Ne7 47.Rc5 Nd7 48.Ra5 Nf6 49.Nc5+ Kf7 50.Ne4 Nc6
51.Ra6 Nd4+ 52.Ke3 Nf5+ 53.Kd3 Nd5 54.Ra7+ Ke6 55.g3 Nfe7 56.Nc3 Nb4+ 57.Ke4 Nbc6
58.Ra6 Kd7 59.g4 Nc8 60.Nb5 N8e7 61.Nd4 Nxd4 62.Kxd4 Ke8 63.Ke5 Kf7 64.Ra7  1-0

[Event "43rd Capablanca Memorial Open"]
[Site "Havana CUB"]
[Date "2008.05.10"]
[Round "3"]
[White "De la Paz Perdomo,F"]
[Black "Munoz,Li"]
[Result "1/2-1/2"]
[WhiteElo "2483"]
[BlackElo "2328"]

1.e4 e6 2.d4 d5 3.Nd2 Be7 4.Ngf3 Nf6 5.e5 Nfd7 6.Bd3 c5 7.c3 Nc6 8.O-O Qb6
9.dxc5 Nxc5 10.Bc2 Qa6 11.b4 Nd7 12.Re1 Qb6 13.a4 Qc7 14.Qe2 Nxb4 15.cxb4 Qxc2
16.Nd4 Qg6 17.Ra3 h6 18.f4 O-O 19.Rg3 Qh7 20.Rf1 Nb6 21.a5 Nc4 22.Nxc4 dxc4
23.Qxc4 Qe4 24.Rxg7+ Kh8 25.Rg3 b5 26.axb6 Bb7 27.Bb2 Rg8 28.Qc2 axb6 29.Qxe4 Bxe4
30.Bc3 Rxg3 31.hxg3 Rc8 32.Bd2 Rc4 33.Nb5 Rc2 34.Rf2 Kg8 35.Be3 Rc6 36.Rb2 Bd3
37.Na7 Rc4 38.b5 Bc5 39.Kf2 Be4 40.g4 Bd5 41.g3 Bxe3+ 42.Kxe3 Rc3+ 43.Kd4 Rc4+
44.Kd3 Rc7 45.Nc6 Bxc6 46.bxc6 Rxc6 47.f5 Kg7 48.Ra2 Rc5 49.Ke4 Rc4+ 50.Kf3 Rc3+
51.Kf4 Rc4+ 52.Kf3 Rc5 53.Kf4 Ra5 54.Rd2 Ra4+ 55.Kf3 Ra3+ 56.Kf4 Ra4+  1/2-1/2

[Event "ENCI Limburg Open"]
[Site "Maastricht NED"]
[Date "2008.05.10"]
[Round "3"]
[White "Bok,B"]
[Black "Magnussen,H"]
[Result "1-0"]
[WhiteElo "2180"]
[BlackElo "2039"]

1.e4 e6 2.d4 d5 3.Nd2 Nc6 4.Ngf3 Nf6 5.e5 Nd7 6.Bd3 Nb4 7.Be2 c5 8.c3 Nc6
9.O-O f6 10.exf6 Qxf6 11.Nb3 b6 12.c4 cxd4 13.cxd5 exd5 14.Bg5 Qd6 15.Re1 Kf7
16.Bb5 Bb7 17.Nbxd4 Rc8 18.Nf5 Qc5 19.Qe2  1-0

[Event "ENCI Limburg Open"]
[Site "Maastricht NED"]
[Date "2008.05.11"]
[Round "5"]
[White "Polak,I"]
[Black "Magnussen,H"]
[Result "1-0"]
[WhiteElo "2184"]
[BlackElo "2039"]

1.e4 e6 2.d4 d5 3.Nd2 Nc6 4.Ngf3 Nf6 5.e5 Nd7 6.c3 f6 7.Bb5 Be7 8.O-O a6
9.Bxc6 bxc6 10.Re1 O-O 11.Nb3 a5 12.exf6 Nxf6 13.Ne5 Bb7 14.Nd3 Ne4 15.f3 a4
16.fxe4 axb3 17.Qxb3 Ba6 18.Ne5 Bd6 19.Be3 Rb8 20.Qc2 Bxe5 21.dxe5 dxe4 22.c4 Qd3
23.Qxd3 exd3 24.b3 Rbd8 25.Rad1 Rd7 26.Bc5 Rf5 27.Re4 h5 28.Rd2 Kf7 29.Rd4 Rxd4
30.Bxd4 c5 31.Bc3 Bb7 32.Rxd3 Be4 33.Rd2 Kg6 34.a4 h4 35.h3 Kh5 36.a5 g5
37.Rd8 Kg6 38.a6 Kg7 39.Bd2 Rxe5 40.Bc3  1-0

[Event "Kaupthing Open"]
[Site "Differdange LUX"]
[Date "2008.05.12"]
[Round "4"]
[White "Wagener,Cl"]
[Black "Bauer,Ch"]
[Result "0-1"]
[WhiteElo "2275"]
[BlackElo "2619"]

1.e4 e6 2.d4 d5 3.Nd2 Nc6 4.Ngf3 Nf6 5.e5 Nd7 6.Be2 Be7 7.Nf1 O-O 8.Ne3 f6
9.exf6 Nxf6 10.O-O Bd6 11.b3 Ne4 12.Bb2 b6 13.c4 Ne7 14.Qc2 Bb7 15.Ne5 Bxe5
16.dxe5 d4 17.Rad1 dxe3 18.Rxd8 Raxd8 19.Bd3 exf2+ 20.Kh1 Nf5 21.Bc1 Rd4
22.Bf4 Nh4 23.Be3 Rxd3 24.Qxd3 Nc5  0-1

[Event "ENCI Limburg Open"]
[Site "Maastricht NED"]
[Date "2008.05.12"]
[Round "7"]
[White "Kotronias,V"]
[Black "Picard,Ro"]
[Result "1-0"]
[WhiteElo "2611"]
[BlackElo "2368"]

1.e4 e6 2.d4 d5 3.Nd2 Be7 4.Bd3 c5 5.dxc5 Nf6 6.Qe2 Nc6 7.Ngf3 O-O 8.O-O Nb4
9.Nb3 a5 10.a4 b6 11.e5 Nd7 12.c6 Nc5 13.Bb5 Nxb3 14.cxb3 Qc7 15.Bg5 Bc5
16.Rfc1 Nxc6 17.Bxc6 Qxc6 18.Be7 Ba6 19.Qd2 Rfc8 20.Bxc5 bxc5 21.Qxa5 Be2
22.Qc3 Bxf3 23.Qxf3 Qb6 24.Qc3 Rab8 25.Ra3 Rc6 26.a5 Qa6 27.h4 h6 28.h5 Qe2
29.Re1 Qb5 30.Qd2 Qa6 31.Re3 Rb4 32.Ra4 Qb5 33.Rxb4 cxb4 34.Rg3 Kh8 35.Qf4 Qe2
36.Qxf7 Rc1+ 37.Kh2 Qxe5 38.a6 Rc7 39.Qe8+ Kh7 40.Qg6+ Kh8 41.Kh3 Rc1 42.Rf3 Rh1+
43.Kg4 Qd4+ 44.Rf4 Rh4+ 45.Kxh4 Qxf4+ 46.Kh3 Qxf2 47.Qxe6 Qd4 48.Kg3 Qd3+
49.Kf4 Qd4+ 50.Kf5 Kh7 51.g4 Kh8 52.Kg6 Qd3+ 53.Kf7 Qf1+ 54.Ke7 Qb5 55.Qc8+ Kh7
56.a7  1-0

[Event "Mayors Cup Open"]
[Site "Mumbai IND"]
[Date "2008.05.12"]
[Round "2"]
[White "Vaibhav,S"]
[Black "Lahiri,A"]
[Result "0-1"]
[WhiteElo "2013"]
[BlackElo "2309"]

1.e4 e6 2.d4 d5 3.Nd2 a6 4.Ngf3 Nf6 5.Bd3 c5 6.c3 Nc6 7.exd5 Qxd5 8.Nc4 Qd8
9.Nce5 cxd4 10.Nxc6 bxc6 11.cxd4 c5 12.dxc5 Bxc5 13.O-O O-O 14.Qc2 Ba7 15.Rd1 Qe7
16.Bg5 h6 17.Bh7+ Kh8 18.Be4 Rb8 19.Bf4 e5 20.Nxe5 Rb4 21.Re1 Nxe4 22.Nc6 Bxf2+
23.Kh1 Qh4 24.Rxe4 Rxe4 25.Qxe4 Bg3  0-1

[Event "Mayors Cup Open"]
[Site "Mumbai IND"]
[Date "2008.05.12"]
[Round "3"]
[White "Venkatesh,M"]
[Black "Singh,Gurp"]
[Result "1-0"]
[WhiteElo "2450"]
[BlackElo "2232"]

1.e4 e6 2.d4 d5 3.Nd2 Nc6 4.Ngf3 Nf6 5.e5 Nd7 6.c3 f6 7.exf6 Qxf6 8.Bb5 Bd6
9.Nf1 Nb6 10.Ng3 h6 11.O-O Bd7 12.Qe2 O-O-O 13.Re1 Rde8 14.a4 Na5 15.Ne5 Bxe5
16.dxe5 Qe7 17.Qc2 c5 18.b4 Nac4 19.Nh5 Rhg8 20.Nf4 cxb4 21.Ng6 Qf7 22.cxb4 Bxb5
23.axb5 Kb8 24.Nf4 Qd7 25.Qg6 Qxb5 26.Nd3 Qd7 27.h4 Rgf8 28.Be3 Nxe3 29.Rxe3 Qf7
30.Qg4 Qe7 31.Rg3 Rf7 32.h5 Nc4 33.Qd4 b6 34.b5 Rf5 35.Rb1 Rc8 36.f4 Na3
37.Rb3 Nxb5 38.Rxb5 Rc4 39.Qb2 Rxh5 40.Qe2 Rf5 41.Rb1 g5 42.fxg5 hxg5 43.Rf1 Re4
44.Qd2 Rxf1+ 45.Kxf1 g4 46.Qf2 Kc7 47.Kg1 Kd7 48.Qa2 Kd8 49.Qd2 Qh4 50.Qf2 Qh6
51.Qf7 Ra4 52.Qf1 Ke7 53.Nf2 Qg5 54.Nxg4 Rc4 55.Qf3 Rf4 56.Qa3+ Kf7 57.Qxa7+ Kg6
58.Nf6  1-0

[Event "Mayors Cup Open"]
[Site "Mumbai IND"]
[Date "2008.05.12"]
[Round "3"]
[White "Ramesh,R"]
[Black "Mari Arul,S"]
[Result "1-0"]
[WhiteElo "2472"]
[BlackElo "2238"]

1.e4 e6 2.d4 d5 3.Nd2 Be7 4.Ngf3 Nf6 5.Bd3 c5 6.e5 Nfd7 7.c3 a5 8.O-O b6
9.Re1 Ba6 10.Bb1 Nc6 11.Nf1 Rc8 12.a3 O-O 13.Ng3 Re8 14.Nh5 g6 15.Nf4 Bf8
16.h4 Bg7 17.h5 Nf8 18.hxg6 fxg6 19.Nh3 Rc7 20.Be3 cxd4 21.cxd4 Kh8 22.Nh2 Qh4
23.Ng4 Rec8 24.Bg5 Qh5 25.f3 Nd7 26.Ngf2 Bh6 27.g4 Qxg5 28.Nxg5 Bxg5 29.Bd3 Bxd3
30.Qxd3 Ne7 31.Nh3 Bh6 32.Qb5 Nc6 33.Rad1 Bf8 34.Kg2 Na7 35.Qd3 Rc4 36.Nf4 R8c6
37.Rh1 Kg8 38.Rxh7 Rc2+ 39.Kg3  1-0

[Event "Mayors Cup Open"]
[Site "Mumbai IND"]
[Date "2008.05.15"]
[Round "7"]
[White "Vishnu,P"]
[Black "Singh,Gurp"]
[Result "1/2-1/2"]
[WhiteElo "2353"]
[BlackElo "2232"]

1.e4 e6 2.d4 d5 3.Nd2 Nc6 4.Ngf3 Nf6 5.e5 Nd7 6.Bd3 f6 7.Ng5 Ndxe5 8.dxe5 fxg5
9.Qh5+ Kd7 10.Nf3 h6 11.h4 gxh4 12.Rxh4 Be7 13.Rg4 g5 14.c4 Nb4 15.Bg6 c5
16.Bd2 Nc6 17.Rg3 Kc7 18.Rh3 Bd7 19.Qg4 Qg8 20.Bd3 d4 21.b4 cxb4 22.Be4 Qg7
23.Bxc6 bxc6 24.Nxd4 Qxe5+ 25.Re3 h5 26.Rxe5 hxg4 27.O-O-O Rae8 28.Be3 Bd8
29.Nb3 a6 30.Ra5 Bc8 31.Nc5 Be7 32.Ra4 Rd8 33.Rxd8 Rxd8 34.Rxb4 Rf8 35.Rb3 Rf5
36.Ne4 c5 37.Ng3 Rf7 38.Ne4 Bb7 39.Nxc5 Bxc5 40.Bxc5 Rf4 41.Bb6+ Kc8 42.Be3 Rxc4+
43.Kb2 Bxg2 44.Rc3  1/2-1/2

[Event "Mayors Cup Open"]
[Site "Mumbai IND"]
[Date "2008.05.17"]
[Round "9"]
[White "Prakash,R"]
[Black "Singh,Gurp"]
[Result "1/2-1/2"]
[WhiteElo "2310"]
[BlackElo "2232"]

1.e4 e6 2.d4 d5 3.Nd2 Nc6 4.c3 e5 5.exd5 Qxd5 6.Qe2 Be6 7.dxe5 Nxe5 8.Qb5+ Qxb5
9.Bxb5+ c6 10.Be2 Bf5 11.Ngf3 Nd3+ 12.Bxd3 Bxd3 13.Nb3 Be4 14.Nbd2 Bd3 15.Nb3  1/2-1/2